Statistics for Taylor Swift Songs That Start With "O"

Click here to take the quiz!

General Stats

  • This quiz has been taken 44 times
  • The average score is 4 of 6

Answer Stats

Answer% Correct
Ours
76%
Our Song
76%
Out Of The Woods
74%
The Outside
68%
The Other Side Of The Door
58%
Only The Young
39%

Score Distribution

Percentile by Number Answered

Percent of People with Each Score

Your Score History

You have not taken this quiz